[Event "Norway Chess 5th"]
[Site "Stavanger"]
[Date "2017.06.16"]
[Round "9"]
[White "Kramnik, Vladimir"]
[Black "Giri, Anish"]
[Result "1-0"]
[WhiteElo "2808"]
[BlackElo "2771"]
[Annotator "Yermolinsky,A"]
[PlyCount "39"]
[EventDate "2017.06.06"]
[EventType "tourn"]
[EventRounds "9"]
[EventCountry "NOR"]
[EventCategory "22"]
[SourceTitle "CBM 179"]
[Source "ChessBase"]
[SourceDate "2017.07.12"]
[SourceVersion "1"]
[SourceVersionDate "2017.07.12"]
[SourceQuality "1"]

1. Nf3 d5 2. d4 Nf6 3. e3 e6 4. Bd3 c5 5. O-O c4 $5 {A relatively obscure idea
that has a lot of ambition behind it. Black goes for space at the cost of
relieving pressure against the d4-pawn.} 6. Be2 b5 7. b3 Bb7 8. Nc3 $6 {
A provocative reply from Vladimir.} (8. a4 a6 9. c3 Nbd7 10. Nbd2 Be7 11. Ba3
O-O 12. Qc2 {Kuraica-Bareev, 2003, which ended in an upset win by the Bosnian
veteran.}) 8... b4 {Anish doesn't hesitate to go for a space grab.} ({
Rakhmanov-Vallejo Pons, 2013 saw a more subtle approach by Black:} 8... a6 9.
Ne5 (9. bxc4 dxc4 $1) 9... Qc7 10. Bd2 Nc6 11. f4 Bd6 12. Bf3 Ne7 13. Rb1 {
and only now} b4 $1 {Here White missed his last chance to make a game out of
his dubious setup.} 14. Nxd5 $5 exd5 15. bxc4 a5 $1 (15... dxc4 16. Bxb7 Qxb7
17. Nxc4 Qc7 18. Nxd6+ Qxd6 19. Bxb4 Qc6 20. Qd3 Qe4 21. f5 {White isn't in
such a bad way here.}) 16. a3 O-O 17. c5 Bxe5 18. fxe5 Ne4 19. axb4 axb4 20.
Rxb4 {but Black is probably better here.}) 9. Na4 c3 10. Ne5 Bd6 $2 ({The
correct} 10... Nc6 11. a3 a5 12. Bb5 Qc7 {would practically compel White to
try the highly speculative} 13. e4 {because otherwise his Bc1 would have no
way out.} Nxe4 14. Qg4 h5 15. Qe2 Bd6 16. Be3 $15) 11. a3 ({Also,} 11. Bb5+ {
right away has its points.} Kf8 12. Nc5 Qb6 (12... Bxc5 {is depressing. After}
13. dxc5 Qa5 14. a4 Qc7 15. Qd4 {White has full control of the dark squares.})
13. Nxb7 Qxb7 14. Qd3 a6 15. Ba4 {How does Black develop here? It won't take
White long to prepare e3-e4.}) 11... a5 (11... O-O {would be a major
concession. White simply goes} 12. axb4 Bxb4 13. Ba3 a5 14. Nc5 Qc7 15. Bxb4
axb4 16. Rxa8 Bxa8 17. Qd3 Nc6 18. f4 {and he has all the play on the a-file
and against the weak b4-pawn. That's the problem with attempting to grab space:
it only works when we get to push his pieces back. Once the opponent finds his
way around the advancing pawns (Na4-c5 in this case), they become terribly
weak.}) 12. Bb5+ Kf8 ({The same story unfolds in the event of} 12... Nbd7 13.
Nxd7 Nxd7 14. Nc5 Bxc5 15. dxc5 Qc7 16. axb4 axb4 17. Rxa8+ Bxa8 18. Qd4 O-O
19. Bxd7 Qxd7 20. Qxb4 $18) 13. Nc5 Qb6 14. Nxb7 Qxb7 15. Qe2 {The black king
is in more trouble than it seems, and, of course, the black rooks aren't
coordinated.} g6 {One of those "positional" moves that at times can meet with
a direct tactical refutation.} (15... h5 16. f3 h4 17. e4 Qb6 18. Kh1 Qxd4 19.
Bf4 {is quite dangerous for Black, yet, it seemed a better choice.}) 16. e4
Nxe4 (16... dxe4 17. Bh6+ Kg8 18. axb4 Bxb4 19. f3) (16... Kg7 17. Nxf7 $1 {
Perhaps, Anish missed that one.} Kxf7 18. e5 $18) 17. Bh6+ Ke7 (17... Kg8 18.
Ng4 Be7 19. axb4 axb4 20. Rxa8 Qxa8 21. f3 Nf6 22. Qe5 $18) 18. f3 $18 {
Black won't last long here.} Nd2 ({Some spectacular lines Anish Giri decided
to leave in the dark:} 18... Bxe5 19. fxe4 Bxd4+ 20. Kh1 dxe4 21. Rad1 e5 22.
Qc4) ({or} 18... Nf6 19. Rfe1 Bxe5 20. dxe5 Nfd7 21. axb4 axb4 22. Rxa8 Qxa8
23. Qf2 Qa5 24. Qh4+ Ke8 25. Qf6 Rg8 26. Bg5) 19. Rfe1 Kd8 20. Bf4 (20. Bf4 Kc7
21. axb4 axb4 22. Rxa8 Qxa8 23. Nxf7 Bxf4 24. Qxe6 Rc8 25. Qf6 $1) 1-0

[Event "Leuven GCT rapid"]
[Site "Leuven"]
[Date "2017.06.29"]
[Round "5"]
[White "Carlsen, Magnus"]
[Black "Kramnik, Vladimir"]
[Result "1-0"]
[WhiteElo "2832"]
[BlackElo "2808"]
[Annotator "Nielsen,Peter Heine"]
[PlyCount "87"]
[EventDate "2017.06.28"]
[EventType "tourn (rapid)"]
[EventRounds "9"]
[EventCountry "BEL"]
[EventCategory "22"]
[SourceTitle "CBM 180"]
[Source "ChessBase"]
[SourceDate "2017.09.13"]
[SourceVersion "1"]
[SourceVersionDate "2017.09.13"]
[SourceQuality "1"]

{In an interview Nigel Short referred to an interesting dinner conversation he
had about this game with participants at the closing of the Stavanger
Tournament. Speaking about influences Magnus warmly mentioned Larsen, which
made Kramnik immediately intervene with the remark, we dont study Larsen in
Russia as we consider him a "coffee-house" player. At a visit in Buenos Aires
Larsen himself mentioned to me, that he felt somewhat misportrayed
stylistically in Kasparov's books. As I see it Larsen was a positional player,
who tried to create situations where he could rely on his ability to outplay
his opponents.} 1. f4 $5 {Despite Magnus' flirtations with the Dutch Defence,
playing the Bird was a first.} d5 2. Nf3 Nf6 $5 {Even in such backyard alleys
as this, Kramnik seems to have thoughts of his own. Against Vovk he had played
2...Bg4, generally considered to be a good antidote, but Henrik Danielsen, in
his 1.f4 videos dubbed the "Polar bear system" recommends 3.e3 Nd7 4.h3! Bxf3
5.Qxf3 followed by g4.} 3. g3 {Aiming for a Leningrad structure. Larsen was
successful in the 1964 Amsterdam interzonal beating Spassky after 3.e3 g6 4.
b4!?, but Kramnik most likely would have prevented queenside expansion with 3..
.e6.} e6 $5 {The "normal" way is to financhietto Black's darks-quared bishop,
but in the 2014 candidates Kramnik played 1.d4 f5 2.Nf3 Nf6 3.e3!? vs. Svidler,
and here tries a similar approach a tempo down.} 4. Bg2 Be7 5. O-O b5 $5 {
In his youth Kramnik played similar things with White, however with the bishop
on g2. It might look less solid than ...b6, but why not grab space as well as
preparing ...Bb7?} 6. d3 Bb7 7. Qe1 $6 c5 8. c3 O-O 9. a4 b4 10. cxb4 cxb4 11.
Kh1 Nc6 12. Be3 {A typical plan, as now ...Ng4 can be answered by Bg1.} Nd7 13.
Nbd2 Bf6 14. Rb1 Re8 $6 {A good common sense move, but not enough to keep
Black's opening advantage. 14...Qa5! threatens the a4-pawn highlighting the
drawback of White's 7th move. Magnus intended 15.Qd1! which would have
minimized the damage, still leaving a playable position for White.} 15. Nb3 a5
16. g4 g6 17. Qf2 {White has now comfortably equalised.} Bg7 18. Nbd4 Nxd4 19.
Bxd4 Rc8 20. Rbc1 Bxd4 21. Nxd4 Rxc1 22. Rxc1 Qb6 {The position has clarified,
and Black is ready to exchange rooks in the c-file with a draw as the likely
result. Magnus' play till now can be fairly evaluated based on one's
subjective opinion, whether one likes his approach or not. From here onwards
however it's undisputably in a class of its own:} 23. Rf1 $1 {Vacating the
open file, which anyway was only suitable for exchanges, White hints at the
posibility of playing f5 next.} f6 $6 {Profylaxis against a white f5, now
having the perfectly safe reply ...e5, but it weakens the black structure.} ({
After} 23... Rc8 24. f5 (24. h4 $5) 24... gxf5 25. gxf5 (25. Bh3 $5) 25... e5 {
the computer upholds the black position, but only with complex tactics:} 26. f6
Qxd4 27. Qf5 Rd8 28. Qg5+ Kf8 29. Bh3 Ke8 (29... Qe3 $5) 30. Be6 Nf8 $1 31.
Bxf7+ Kd7 $1 {But 25.Bh3!? or the calmer 24.h4!? are very playable for White
in a more non-forcing manner.}) 24. h4 $5 {Grabbing space and hinting at
playing either h5 or g5.} Rf8 25. Kg1 $1 {My favourite move of the game 
(except maybe move 1!) White's previous moves very much indicated kingside
action, now however when the game unfolds it feels like Black's queenside has
been critically weak.} e5 {Consistent.} (25... Rc8 {would have been fine with
the black pawn being on f7, but here} 26. g5 {creates strategic problems.}) 26.
Nb3 $1 Qxf2+ $2 {The losing mistake.} (26... Ba8 $1 {still puts up a good
fight, even if} 27. Rc1 e4 {obviously is pleasant for White, but maybe is not
as bad for Black as it looks, now however that the statement is very much
reversed:}) 27. Kxf2 exf4 28. Nxa5 Ba8 29. Rc1 Ne5 {Materially equal and g4
under attack things might not look that hopeless at first sight, but after
White's next move matters are clarified:} 30. Bf3 $1 {Sealing off the kingside,
making Black's two extra pawns there considereably less mobile than White's
a-pawn. Rc7, Nb3-d4 followed by pushing the a-pawn become easy automatic moves,
so Kramnik tries his last chance of complicating things:} d4 31. Nc4 (31. Nc6
$5 {is the computer line, winning after:} Bxc6 32. Bxc6 Nxg4+ 33. Kf3 Ne5+ 34.
Kxf4 {when Black can't go 35...Rc8 due to 36.Bd5+ and if 35...Nxc6 36.Rxc6 the
rook ending is an easy win despite being momentarily materially equal. b4 and
d4 are weak, and the white a-pawn is the passed pawn with potential.}) 31...
Bxf3 32. Nxe5 Bxe2 33. Nd7 Rf7 34. Nxf6+ Rxf6 35. Kxe2 Re6+ 36. Kf2 {As in the
comment above, all the factors are in White's favour, making it a trivial win.}
Kf7 37. a5 g5 38. hxg5 Kg6 39. Rc5 f3 40. Kxf3 Re3+ 41. Kf4 Rxd3 42. a6 Rd1 43.
Ra5 d3 44. Ke3 {And here Kramnik resigned.} 1-0

[Event "Leuven GCT blitz"]
[Site "Leuven"]
[Date "2017.07.01"]
[Round "9"]
[White "Aronian, Levon"]
[Black "Kramnik, Vladimir"]
[Result "1/2-1/2"]
[WhiteElo "2793"]
[BlackElo "2808"]
[PlyCount "160"]
[EventDate "2017.07.01"]
[EventType "tourn (blitz)"]
[EventRounds "18"]
[EventCountry "BEL"]
[EventCategory "21"]
[SourceTitle "CBM 179"]
[Source "ChessBase"]
[SourceDate "2017.07.12"]
[SourceVersion "1"]
[SourceVersionDate "2017.07.12"]
[SourceQuality "1"]

1. c4 e6 2. g3 d5 3. Bg2 Nf6 4. Nf3 Be7 5. O-O O-O 6. d4 dxc4 7. Qc2 a6 8. a4
Bd7 9. Qxc4 Bc6 10. Bf4 Nbd7 11. Nc3 Bd6 12. a5 Bxf4 13. gxf4 Nd5 14. e3 Nxc3
15. Qxc3 Bxf3 16. Bxf3 c6 17. Kh1 Qe7 18. Rg1 g6 19. Rg5 Rad8 20. Rag1 Nf6 21.
b4 Nd5 22. Qc5 Qf6 23. Be4 Kh8 24. R1g3 Rfe8 25. Re5 Ne7 26. Reg5 h6 27. Rh3
Kg7 28. Rg1 Nf5 29. Qe5 Qxe5 30. fxe5 Nxd4 31. exd4 Rxd4 32. Re3 Red8 33. Rb1
Rc4 34. Rd3 Rxd3 35. Bxd3 Rd4 36. Rb3 Rd5 37. Kg2 Rxe5 38. Kf3 f5 39. Bc2 Kf6
40. Rd3 Rb5 41. Rd4 c5 42. bxc5 Rxc5 43. Ba4 Rxa5 44. Be8 g5 45. Rd7 Ra3+ 46.
Kg2 Rb3 47. Rh7 b5 48. Bd7 Rd3 49. Bc8 Rd6 50. Ra7 b4 51. Rxa6 Rxa6 52. Bxa6 b3
53. Kf3 g4+ 54. Ke3 b2 55. Bd3 Kg5 56. f4+ gxf3 57. Kxf3 e5 58. Ke3 e4 59. Bc2
Kg4 60. Kf2 Kf4 61. Ke2 Ke5 62. Kd2 Kd4 63. Bb1 f4 64. Ke2 Ke5 65. Bc2 Kd4 66.
Bb1 e3 67. Bh7 Kc3 68. Bb1 Kb3 69. Kf3 Kc4 70. Ke2 Kc3 71. Bh7 Kd4 72. Bb1 Ke5
73. Kf3 Kf6 74. h4 Ke5 75. Bc2 Kd4 76. Bb1 Kc4 77. Ke2 Kc3 78. Bh7 Kb4 79. Bb1
Kb3 80. Kf3 Kc3 1/2-1/2

[Event "Dortmund 45th"]
[Site "Dortmund"]
[Date "2017.07.19"]
[Round "4"]
[White "Nisipeanu, Liviu Dieter"]
[Black "Kramnik, Vladimir"]
[Result "1/2-1/2"]
[WhiteElo "2683"]
[BlackElo "2812"]
[PlyCount "72"]
[EventDate "2017.07.15"]
[EventType "tourn"]
[EventRounds "7"]
[EventCountry "GER"]
[EventCategory "19"]
[SourceTitle "CBM 180"]
[Source "ChessBase"]
[SourceDate "2017.09.13"]
[SourceVersion "1"]
[SourceVersionDate "2017.09.13"]
[SourceQuality "1"]

1. d4 Nf6 2. c4 e6 3. Nc3 Bb4 4. Qc2 O-O 5. e4 d5 6. e5 Ne4 7. Bd3 c5 8. Nf3
cxd4 9. Nxd4 Nd7 10. Bf4 Qh4 11. g3 Qh5 12. O-O g5 13. cxd5 gxf4 14. dxe6 Bxc3
15. bxc3 Nxe5 16. Bxe4 Bxe6 17. Rfb1 Rae8 18. gxf4 Qg4+ 19. Kh1 Qxf4 20. Nxe6
Rxe6 21. Rb4 Kh8 22. Bd5 Qf6 23. f4 Ng4 24. Bxe6 Qxe6 25. Qg2 Rg8 26. Rb2 Nf2+
27. Rxf2 Rxg2 28. Rxg2 Qc6 29. Re1 h6 30. Re3 b5 31. h3 b4 32. Reg3 bxc3 33.
Rg8+ Kh7 34. R8g7+ Kh8 35. Rg8+ Kh7 36. R8g7+ Kh8 1/2-1/2

[Event "Dortmund 45th"]
[Site "Dortmund"]
[Date "2017.07.23"]
[Round "7"]
[White "Kramnik, Vladimir"]
[Black "Bluebaum, Matthias"]
[Result "1-0"]
[WhiteElo "2812"]
[BlackElo "2642"]
[Annotator "Mokal,P"]
[PlyCount "75"]
[EventDate "2017.07.15"]
[EventType "tourn"]
[EventRounds "7"]
[EventCountry "GER"]
[EventCategory "19"]
[SourceTitle "CBM 180"]
[Source "ChessBase"]
[SourceDate "2017.09.13"]
[SourceVersion "1"]
[SourceVersionDate "2017.09.13"]
[SourceQuality "1"]

{Before this last round Kramnik was in last position with 2.5/6 and that too
in a tournament which he has won 10 times.} 1. Nf3 {Not surprisingly then, the
choice of opening seems to suggest playing more chess and less theory.} d5 2.
g3 Bg4 3. Bg2 e6 4. O-O Nf6 5. d3 Be7 6. h3 Bh5 7. c4 {[%csl Rh5][%cal Gd1b3]
The idea is well known and seen in similar positions when the black bishop is
developed on f5.} ({A blitz game was played at the top level recently} 7. Nbd2
c5 8. e4 Nc6 9. Re1 dxe4 10. dxe4 O-O 11. e5 Nd7 12. g4 Bg6 13. Nc4 Nb4 $36 {
1-0 Caruana,F (2808)-Carlsen,M (2832)/Paris 2017 (49)}) 7... c6 8. Qb3 Qc8 ({
The natural move would be} 8... Qb6 {but Black has to accept weak squares on
the queenside after} 9. Be3 Qxb3 10. axb3 a6 {[%csl Rb6] which should give
White a slight edge} 11. g4 Bg6 12. Ne5 Nbd7 13. Nxg6 hxg6 14. Nc3 $14 {
0-1 Meier,G (2630)-Karjakin,S (2783)/chess.com INT 2017 (58)}) 9. g4 Bg6 10.
cxd5 cxd5 (10... Nxd5 $6 11. e4 Nf6 12. Ne5 $14) (10... exd5 11. Nh4 $14 {
[%cal Ge2e4,Gf2f4]}) 11. Bf4 Nc6 12. Nc3 O-O 13. Rac1 Qd7 ({A correspondence
game with a different move order went} 13... Nd7 14. Na4 Re8 15. Rfe1 Bd8 16.
Nd4 e5 17. Nxc6 bxc6 18. Bg3 Qa6 $11 {1/2-1/2 Ronat,O -Krebs,J/2014 (50)}) 14.
Ne5 ({An interesting positional sacrifice was suggested by the machines} 14. e4
$5 dxe4 15. dxe4 Nxe4 16. Rfd1 Qc8 17. Nxe4 Bxe4 18. Ne5 Bxg2 19. Kxg2 Rd8 20.
Rxd8+ Bxd8 21. Nxc6 bxc6 22. Qa4 $44) 14... Nxe5 15. Bxe5 h5 {A principled
move, targeting the weakened kingside.} (15... Bd6 $5 16. f4 $14 (16. Bxd6 Qxd6
17. e4 $5 (17. Qxb7 $4 Rfb8)) (16. Bxf6 gxf6 $13)) 16. g5 (16. gxh5 Nxh5 $15 {
[%csl Rh3]}) 16... Ne8 (16... Nh7 17. f4 $14) 17. f4 (17. h4 $5 f6 $1 18. gxf6
Bxf6) 17... Bc5+ {Forcing White to close the retreat path of his bishop.} ({
Black could have seriously considered} 17... f6 $5 18. gxf6 gxf6 19. Bd4 Ng7 {
[%cal Gg7f5,Gf5g3,Gf5e3,Gf5d4]} 20. Bf2 $13 {although Black has some
weaknesses, White has been pushed back a little.} (20. e4 $2 {[%csl Rd4]} dxe4
$17 {[%csl Rd4]}) (20. Kh1 Kh8 $132 (20... Nf5 21. Bf2))) 18. d4 (18. Kh1 $6
Be3 19. Rc2 Nd6 $15) 18... Bb6 {[%csl Re5]} 19. f5 $1 (19. Na4 Bf5 {is fine
for Black.} (19... f6 20. Nxb6 axb6 21. f5 Bxf5 22. Rxf5 exf5 23. Bxd5+ $36)) (
19. Qa3 Bf5 {is also solid} (19... f6 20. f5)) 19... Bxf5 20. Rxf5 exf5 21.
Nxd5 {[%csl Rh5][%cal Gg5g6,Gd5f4,Gd5f6,Gb3g3,Gg2a8] For the exchange, White
gets enough compensation in the form of a weakened black structure and dynamic
attacking chances with freedom and creativity for all his pieces.} Qe6 {
[%cal Ge6e5]} 22. Kh1 (22. g6 $4 Qxe5) (22. e3 $5) 22... Rd8 23. Qf3 ({There
was the very tempting and aesthetically pleasing} 23. g6 $5 {but Black has a
way to sort things out with the unnatural} Nf6 $1 {with no fear of the likely
compromise of pawn structure as long as the attack is neutralised.} (23... Qxg6
24. Ne7+ $18) (23... Nd6 24. Nf6+ gxf6 25. gxf7+ Kxf7 26. Bd5 $18) (23... fxg6
24. Rc8 $1 Nc7 (24... Rxc8 25. Ne7+ Kf7 26. Bd5 $18) (24... Qxc8 25. Nxb6+ $18)
25. Rxc7 Bxc7 26. Bxc7 $14) 24. Bxf6 (24. Nxf6+ gxf6 $19 {[%csl Re5]}) 24...
gxf6 $17) 23... g6 24. e3 {[%csl Rb6] Kramnik refuses to get distracted with
queenside material.} (24. Nxb6 {gets back a pawn, and may be a tiny edge but
Kramnik had his eyes set on the black king} axb6 (24... Qxb6 25. Qxb7 Qxb7 26.
Bxb7 Nd6 27. Bc6 Ne4 28. Kg2 $14 {/=}) 25. Qxb7 Rd7 26. Qc6) (24. Nf4 $2 Qxa2
25. Nxh5 Bxd4 $19) 24... Kh7 $6 {Bluebaum misses his moment} ({From a
defensive perspective there was a clear plan for improvement of the bishop
that was biting on the d4-e3 granite with} 24... Rd7 $1 $132 {[%cal Gb6d8]} 25.
b3 (25. Rc8 Rxd5) 25... Bd8 26. h4 (26. Nf4 Qa6 $17) 26... Qa6 27. a4 Qd3 $17)
(24... Ng7 25. Nf6+ Kh8 26. Qxb7 $16) 25. Nf4 Qe7 ({Taking the pawn in the
corner would be dangerous} 25... Qxa2 $6 26. Qxb7 {[%csl Rg6][%cal Gb7h7]} Kg8
(26... Nd6 27. Qe7 Rfe8 28. Qf6 Rxe5 29. Qxe5 $16) 27. Rc6 $18 {[%cal Gc6g6]} (
27. Qe7)) 26. Qg3 (26. Qxb7 Qxb7 (26... Qxg5 27. Rc6 Kg8 28. Nxg6 fxg6 29. Bf4
$18) 27. Bxb7 Nd6 $11 {[%cal Gd6e4]}) (26. Nxh5 $2 Qxg5 $17) 26... Bc7 27. Rxc7
$1 {Fearless Kramnik sacrifices a second exchange, clearly indicating that the
bishop on e5 is more valuable for his attack than the rook on c1!} (27. Bf6 $2
Nxf6 28. gxf6 Qd7 29. Qg5 Bxf4 30. Qxf4 Rc8 $19) (27. Bxc7 $6 Nxc7 $17 28. Nxh5
gxh5 29. Qh4 Kg7 30. Qxh5 Rh8 $19) 27... Nxc7 28. Bf6 ({IF} 28. Qh4 {then after
} Kg8 {Black has a perpetual ready} (28... f6 29. gxf6 Qf7 $14) 29. Nxh5 gxh5
30. Bf6 (30. Qxh5 f6 $19) 30... Qxe3 31. Qxh5 Qc1+ 32. Kh2 Qf4+ $11) 28... Qb4
(28... Qd7 29. Qh4 Ne8 (29... Kg8 30. Nxh5 Ne8 31. Nf4) 30. Nxh5 Kg8 31. Nf4
Nxf6 32. gxf6 Qd6 33. Bd5 $1 (33. Qg5 Rd7 34. Bd5 Rc8 35. Qxg6+ Kf8 36. Qxf5)
33... Qa6 (33... Rc8 34. Qg5 Rc1+ 35. Kh2 Rc2+ 36. Kg3 Kh7 37. Bxf7 $1 $18) 34.
Qh6 Qxf6 35. Nh5 $1 gxh5 (35... Qh8 36. Qxg6+) 36. Qxf6 Rxd5 37. Qg5+ Kh7 38.
Qxh5+ Kg7 39. Qg5+ Kh7 40. Qe7 Kg7 41. Qxb7 $16) 29. Nxh5 $1 gxh5 (29... Ne8
$142 30. Bxd8 (30. Qh4 Kg8) 30... gxh5 31. Qf2 (31. Qf3 Ng7) 31... Ng7 32. Bf6
Rc8 $13) 30. g6+ (30. Qh4 Kg6 31. Bf3 Rh8 $19) (30. Qxc7 Qe1+ 31. Kh2 Rc8 $19)
30... Kg8 (30... fxg6 31. Qxc7+ $18) 31. Qg5 $1 (31. gxf7+ Kxf7 32. Qg7+ Ke8
33. Qg6+ Kd7 $15) (31. g7 Rfe8 32. Qg5 Qe1+ 33. Kh2 Qxe3 $19) 31... h4 $4 {
A miscalculation in a difficult position, probably due to time pressure.} ({
The best defence was} 31... Nd5 $142 32. Bxd8 (32. gxf7+ Kxf7 33. Bxd8 Rxd8 34.
Qxd8 Qe1+ 35. Kh2 Nxe3 36. Bxb7 (36. Qd7+ Kf6 37. Qd6+ $11) 36... Qf2+ 37. Kh1
Qf1+ 38. Kh2 Qf2+ $11) (32. Bxd5 Rxd5 33. Qxh5 (33. Qh6 Qe1+ 34. Kh2 Qf2+ $11)
33... Qe1+ 34. Kh2 Qf2+ 35. Kh1 Qf1+) 32... Qd6 33. gxf7+ Kxf7 34. Qxh5+ Kg8
35. Bh4 $1 {[%cal Gh5g5,Gh4g3,Gh1h2,Rd6h2]} (35. Bg5 Rc8 {[%cal Gc8c1,Gd6h2]}
36. Qd1) 35... Qe6 (35... Nxe3 36. Qg5+ $18 {[%csl Re3]}) (35... Rc8 36. Qg5+
Kh8 37. Bg3) 36. Bg3 Nxe3 (36... Rc8 37. Be5) 37. Qg5+ Kf7 38. Bf3 $36 {
[%cal Gf3h5]}) (31... Qe1+ 32. Kh2 $18) (31... Ne6 32. Qh6 fxg6 33. Qxg6+ $18)
32. Qh6 (32. Qxh4 $2 fxg6 33. Bxd8 Qxb2 $14) (32. Qh5 $2 Qe1+ 33. Kh2 Qg3+ 34.
Kg1 Qe1+ 35. Bf1 Qxe3+ 36. Kh1 Qe4+ 37. Bg2 Qe1+ 38. Kh2 Qg3+ $11) 32... Qe1+
33. Kh2 Qg3+ 34. Kg1 Qe1+ 35. Bf1 Qg3+ 36. Kh1 Qf3+ 37. Bg2 Qd1+ 38. Kh2 {
An aggressive and delightful game by Kramnik to end the tournament!} 1-0